|
|
|
|
| LEADER |
01423nam a2200289 i 4500 |
| 001 |
956 |
| 003 |
BD-DhAAL |
| 005 |
20130916111751.0 |
| 008 |
130916s1978 th a b i100 0 eng d |
| 010 |
|
|
|a 78110951
|
| 040 |
|
|
|a DLC
|c DLC
|d DLC
|d BD-DhAAL
|
| 050 |
0 |
0 |
|a LC157.A2
|b R43 1977
|
| 082 |
0 |
0 |
|a 370.19/4/095
|
| 111 |
2 |
|
|a Regional Experts Meeting on Literacy in Asia
|d (1977 :
|c Bangkok, Thailand)
|9 3084
|
| 245 |
1 |
0 |
|a Literacy in Asia :
|b a continuing challenge : report of a regional experts Meeting, Bangkok, 22-28 November 1977.
|
| 260 |
|
|
|a Bangkok :
|b Unesco Regional Office for Education in Asia and Oceania,
|c 1978.
|
| 300 |
|
|
|a 202, v p. :
|b diagrs. ;
|c 27 cm.
|
| 500 |
|
|
|a "Organized by the Unesco Regional Office for Education in Asia and Oceania in association with the International Institute for Adult Literacy Methods (Teheran)"
|
| 504 |
|
|
|a Includes bibliographical references.
|
| 541 |
|
|
|e 956
|
| 610 |
2 |
0 |
|a Unesco.
|b Regional Office for Education in Asia and Oceania.
|9 3085
|
| 650 |
|
0 |
|a Literacy
|z Asia
|x Congresses.
|9 3086
|
| 650 |
|
0 |
|a Fundamental education
|z Asia
|x Congresses.
|9 3087
|
| 710 |
2 |
|
|a International Institute for Adult Literacy Methods.
|9 3088
|
| 942 |
|
|
|2 ddc
|c BK
|
| 999 |
|
|
|c 13968
|d 13968
|
| 952 |
|
|
|0 0
|1 4
|2 ddc
|4 0
|6 370_194095000000000_LIT
|7 0
|9 23401
|a BRACUL
|b BRACUL
|c GEN
|d 2013-09-16
|g 0.00
|l 0
|o 370.194095 LIT
|p 3010000956
|r 2013-09-16
|t 1
|w 2013-09-16
|y BK
|z Not price in Register
|x Koha Inventory 2020
|